Gares sur les lignes entre Mâcon et Modane / Bourg-St-Maurice - Statistiques

Statistiques générales
  • Ce quiz a été pris 18 fois
  • Le résultat moyen est 16 sur 36
Statistiques - réponses
Embranchement Département Gare % Correct
0 (01) Bourg-en-Bresse
100%
0 Saône-et-Loire (71) Mâcon-Ville
76%
2 Savoie (73) Bourg-Saint-Maurice
71%
2 (73) Moûtiers - Salins - Brides-les-Bains
65%
2 (73) Albertville
59%
1 Savoie (73) Modane
59%
2 (73) Aime-la-Plagne
53%
0 (01) Ambérieu-en-Bugey
53%
2 (73) Landry
53%
0 (73) Aix-les-Bains - Le Revard
47%
0 (73) Chambéry - Challes-les-Eaux
47%
0 Ain (01) Culoz
47%
0 (73) Montmélian
47%
2 (73) Notre-Dame-de-Briançon
47%
1 (73) Saint-Jean-de-Maurienne - Arvan
47%
1 (73) Aiguebelle
41%
2 (73) Frontenex
41%
1 (73) Saint-Michel - Valloire
41%
0 Savoie (73) Saint-Pierre-d'Albigny
41%
0 (01) Saint-Rambert-en-Bugey
41%
0 Savoie (73) Vions - Chanaz
41%
0 (01) Virieu-le-Grand - Belley
41%
0 (73) Viviers-du-Lac
41%
0 (01) Vonnas
41%
1 (73) Chamousset
35%
2 (73) Grésy-sur-Isère
35%
0 (01) Polliat
35%
0 Ain (01) Pont-de-Veyle
35%
1 (73) Saint-Avre - La Chambre
35%
0 (01) Ambronay - Priay
29%
0 (73) Chindrieux
29%
0 (01) Pont-d'Ain
29%
0 (01) Tenay - Hauteville
29%
1 (73) Epierre - Saint-Léger
24%
0 (01) Saint-Martin-du-Mont
24%
0 (01) Mézériat
12%
Aucun quiz correspondant
Distribution des résultats
% des personnes avec chaque résultat
Percentile par nombre de réponses
Votre historique - résultats
Vous n’avez pas pris ce quiz